000 00381nam a2200145Ia 4500
008 150201s1983 xx 000 0 und d
082 _a617.69
_bT1983S
100 _aSAILER,HERMAN F.
245 _aTRANSPLANTATION OF LYOPHILIZED CARTILAGE
250 _a1ST
260 _bKARGER PUBLISHING
_aBASEL SWITZERLAND
_c1983
300 _a1-138
650 _aORAL SURGERY
942 _2ddc
_cBK
999 _c3097
_d3097